The sage who reimagined Hinduism: the life, lessons, & legacy of Sree Narayana Guru (Record no. 115671)

MARC details
000 -LEADER
fixed length control field 00278 a2200097 4500
020 ## - INTERNATIONAL STANDARD BOOK NUMBER
International Standard Book Number 9789365238501
100 ## - MAIN ENTRY--PERSONAL NAME
Personal name Shashi Tharoor
245 ## - TITLE STATEMENT
Title The sage who reimagined Hinduism: the life, lessons, & legacy of Sree Narayana Guru
260 ## - PUBLICATION, DISTRIBUTION, ETC. (IMPRINT)
Name of publisher, distributor, etc Aleph book company
Date of publication, distribution, etc 2026
942 ## - ADDED ENTRY ELEMENTS (KOHA)
Koha item type On order/under processing
Holdings
Withdrawn status Lost status Damaged status Not for loan Home library Current library Date acquired Source of acquisition Cost, normal purchase price Total Checkouts Barcode Date last seen Cost, replacement price Price effective from Koha item type
        University Library University Library 09/03/2026 269 639.20   00097757 09/03/2026 799.00 09/03/2026 On order/under processing
University Library, CUSAT